[Event "CRO-chT (Women) 30th"]
[Site "Porec"]
[Date "2022.09.25"]
[Round "3.2"]
[White "Ljikar, Tamara"]
[Black "Budimir, Karla"]
[Result "1-0"]
[WhiteElo "1956"]
[BlackElo "1277"]
[PlyCount "61"]
[EventDate "2022.09.24"]
[EventType "team-tourn"]
[EventRounds "9"]
[EventCountry "CRO"]
[SourceTitle "CBM 210 Extra"]
[Source "ChessBase"]
[SourceDate "2022.11.30"]
[SourceVersion "1"]
[SourceVersionDate "2022.11.30"]
[SourceQuality "1"]
[WhiteTeam "Zagreb Mladost (W)"]
[BlackTeam "Zagreb Ericsson Tesla (W)"]
[WhiteTeamCountry "CRO"]
[BlackTeamCountry "CRO"]

1. e4 e5 2. Bc4 Nf6 3. d3 h6 4. Nf3 Bc5 5. Nxe5 0-0 6. 0-0 d6 7. Nf3 Bg4 8. c3 Nc6 9. d4 Bb6 10. Bd3 Re8 11. Re1 a6 12. h3 Bh5 13. Bf4 Re7 14. Nbd2 Qd7 15. Nf1 Rae8 16. Ng3 Bg6 17. Qc2 Nd8 18. Rad1 c6 19. Bd2 Qe6 20. a3 Bc7 21. Nh4 Bh7 22. Nhf5 Rd7 23. Qc1 h5 24. Bg5 g6 25. Nh6+ Kg7 26. c4 Rde7 27. d5 Qd7 28. Qf4 Ng8 29. Nxg8 Kxg8 30. Bf6 Ne6 31. Qh6 1-0

[Event "CRO-chT (Women) 29th"]
[Site "Mali Losinj"]
[Date "2021.09.26"]
[Round "2.52"]
[White "Roklicer, Heike"]
[Black "Ljikar, Tamara"]
[Result "1-0"]
[WhiteElo "2007"]
[BlackElo "1972"]
[PlyCount "133"]
[EventDate "2021.09.25"]
[EventType "team-tourn"]
[EventRounds "9"]
[EventCountry "CRO"]
[SourceTitle "CBM 204 Extra"]
[Source "ChessBase"]
[SourceDate "2021.11.30"]
[SourceVersion "1"]
[SourceVersionDate "2021.11.30"]
[SourceQuality "1"]
[WhiteTeam "Busevec Polet (W)"]
[BlackTeam "Zagreb Hask Mladost (W)"]
[WhiteTeamCountry "CRO"]
[BlackTeamCountry "CRO"]

1. d4 d5 2. c4 c6 3. Nc3 Nf6 4. Nf3 e6 5. Qa4 Nbd7 6. cxd5 exd5 7. Bf4 Qb6 8. Qc2 Be7 9. h3 0-0 10. e3 Re8 11. Bd3 Nf8 12. 0-0 Ne6 13. Bh2 h6 14. a3 a5 15. Rab1 Bd7 16. Na4 Qd8 17. Nc5 Nxc5 18. dxc5 Bf8 19. Be5 Ne4 20. Bd4 Qe7 21. Bxe4 dxe4 22. Ne5 Bf5 23. f4 f6 24. Nc4 Qe6 25. g4 Bh7 26. f5 Qf7 27. Rf4 Rad8 28. Nxa5 Qc7 29. Nb3 Kh8 30. Rbf1 Bg8 31. Nc1 Bd5 32. Ne2 Qf7 33. Rc1 Bb3 34. Qc3 Bd5 35. Rf2 Qc7 36. Nf4 Bf7 37. Kg2 Kg8 38. Rg1 Qd7 39. Kh1 Ra8 40. Rd2 Qc8 41. Qc1 Ra5 42. Rc2 Ra4 43. b4 Bb3 44. Rd2 Ra8 45. Rf2 Qc7 46. h4 Rad8 47. Qb2 Qf7 48. g5 Rxd4 49. Qxd4 fxg5 50. hxg5 hxg5 51. Rxg5 Be7 52. Rxg7+ Qxg7 53. Rg2 Qxg2+ 54. Kxg2 Bg5 55. Nh3 Bh6 56. Qd7 Rf8 57. Nf2 Bd5 58. Ng4 Bg5 59. Qd6 Rf7 60. f6 Kh7 61. Qe5 Kg6 62. Qg3 Kh5 63. Qh3+ Bh4 64. Ne5 Rxf6 65. Qg4+ Kh6 66. Qxh4+ Kg7 67. Qg5+ 1-0

[Event "Bosnjaci op 21st"]
[Site "Bosnjaci"]
[Date "2016.01.04"]
[Round "3"]
[White "Ljikar, Tamara"]
[Black "Lovric, Petar"]
[Result "1/2-1/2"]
[WhiteElo "1901"]
[BlackElo "2073"]
[PlyCount "68"]
[EventDate "2016.01.03"]
[EventType "swiss"]
[EventRounds "9"]
[EventCountry "CRO"]
[SourceTitle "CBM 170 Extra"]
[Source "ChessBase"]
[SourceDate "2016.02.25"]
[SourceVersion "1"]
[SourceVersionDate "2016.02.25"]
[SourceQuality "1"]

1. e4 c6 2. d4 d5 3. Nc3 dxe4 4. Nxe4 Bf5 5. Ng3 Bg6 6. h4 h6 7. Nf3 Nd7 8. h5 Bh7 9. Bd3 Bxd3 10. Qxd3 e6 11. Bd2 Ngf6 12. 0-0-0 Qc7 13. c4 0-0-0 14. Kb1 Bd6 15. Ne4 Nxe4 16. Qxe4 Nf6 17. Qe2 c5 18. Bc3 cxd4 19. Nxd4 a6 20. Rc1 Bc5 21. Rhd1 Qf4 22. Nf3 Qf5+ 23. Ka1 Qxh5 24. b4 Be7 25. b5 Bc5 26. bxa6 bxa6 27. Rb1 Rxd1 28. Qxd1 Nd7 29. Qa4 Kc7 30. Qxa6 Rb8 31. Qa5+ Kc8 32. Rxb8+ Nxb8 33. Be5 Bd6 34. Qb5 Bxe5+ 1/2-1/2

[Event "Bosnjaci op 20th"]
[Site "Bosnjaci"]
[Date "2015.01.03"]
[Round "1"]
[White "Ljikar, Tamara"]
[Black "Sertic, Rudolf"]
[Result "0-1"]
[WhiteElo "1845"]
[BlackElo "2353"]
[PlyCount "60"]
[EventDate "2015.01.03"]
[EventType "swiss"]
[EventRounds "9"]
[EventCountry "CRO"]
[SourceTitle "CBM 164 Extra"]
[Source "ChessBase"]
[SourceDate "2015.03.02"]
[SourceVersion "1"]
[SourceVersionDate "2015.03.02"]
[SourceQuality "1"]

1. e4 c5 2. Nc3 e6 3. g3 d5 4. exd5 exd5 5. Bg2 Nf6 6. d3 h6 7. Nge2 g5 8. h4 Rg8 9. hxg5 hxg5 10. Bd2 Be6 11. Qc1 Ng4 12. Bf3 Nc6 13. Rh5 Be7 14. Ng1 Nd4 15. Nce2 Nxf3+ 16. Nxf3 f6 17. d4 c4 18. Be3 Qa5+ 19. Qd2 Bb4 20. c3 Bd6 21. Nxg5 fxg5 22. Bxg5 Rf8 23. Nf4 Bxf4 24. gxf4 Kd7 25. f3 Rae8 26. Kf1 Ne3+ 27. Kf2 Nf5 28. Rah1 Qxa2 29. Qc2 Qb3 30. Qb1 a5 0-1

[Event "Wch U16 Girls"]
[Site "Durban"]
[Date "2014.09.26"]
[Round "8"]
[White "Ljikar, Tamara"]
[Black "Abdusattorova, Bakhora"]
[Result "0-1"]
[WhiteElo "1768"]
[BlackElo "2008"]
[PlyCount "52"]
[EventDate "2014.09.20"]
[EventType "swiss"]
[EventRounds "11"]
[EventCountry "RSA"]
[SourceTitle "CBM 162 Extra"]
[Source "ChessBase"]
[SourceDate "2014.10.17"]
[SourceVersion "1"]
[SourceVersionDate "2014.10.17"]
[SourceQuality "1"]

1. e4 e5 2. Nf3 Nc6 3. Nc3 Nf6 4. d4 Bb4 5. Nxe5 Qe7 6. Qd3 Nxe5 7. dxe5 Qxe5 8. Bd2 0-0 9. 0-0-0 Bxc3 10. Bxc3 Qf4+ 11. Kb1 Nxe4 12. Qd4 Nxc3+ 13. Qxc3 c6 14. h4 d5 15. h5 h6 16. g3 Qxf2 17. Bd3 Bg4 18. Rdf1 Qb6 19. Rf4 f5 20. Qd2 Rae8 21. Re1 Qc5 22. b4 Qd6 23. Rxe8 Rxe8 24. Bxf5 Bxf5 25. Rxf5 Qxg3 26. Kb2 Re5 0-1

[Event "Topusko op 3rd"]
[Site "Topusko"]
[Date "2014.08.13"]
[Round "7"]
[White "Ljikar, Tamara"]
[Black "Mainenti, Kevin"]
[Result "1-0"]
[WhiteElo "1877"]
[BlackElo "1798"]
[PlyCount "91"]
[EventDate "2014.08.08"]
[EventType "swiss"]
[EventRounds "9"]
[EventCountry "CRO"]
[SourceTitle "CBM 162 Extra"]
[Source "ChessBase"]
[SourceDate "2014.10.17"]
[SourceVersion "1"]
[SourceVersionDate "2014.10.17"]
[SourceQuality "1"]

1. e4 e5 2. Nf3 Nc6 3. Bc4 Bc5 4. c3 d6 5. 0-0 h6 6. d4 exd4 7. cxd4 Bb6 8. h3 Nge7 9. Nc3 0-0 10. a4 a6 11. Re1 Ng6 12. Be3 Nh4 13. Nxh4 Qxh4 14. Qd2 Ba5 15. Rad1 Bd7 16. f4 Rad8 17. Bf2 Qf6 18. Qe3 Rfe8 19. Nd5 Qg6 20. Re2 Nb4 21. Nxb4 Bxb4 22. b3 Bc6 23. Bd3 f5 24. Bh4 Rc8 25. e5 Qh5 26. Be1 Bxe1 27. Rdxe1 Bd5 28. Bc2 c5 29. dxc5 Rxc5 30. b4 Rcc8 31. Qd3 Bc4 32. Bb3 d5 33. Bxc4 dxc4 34. Qd5+ Qf7 35. e6 Qe7 36. Qxf5 Qxb4 37. Qf7+ Kh8 38. e7 c3 39. Kh2 Qxa4 40. Re6 Qc4 41. R1e4 Qa2 42. Rxh6+ gxh6 43. Qxa2 c2 44. Qb2+ Kh7 45. Qc1 b5 46. f5 1-0

[Event "Mediterranean Flower (Women) 14th"]
[Site "Rijeka"]
[Date "2014.03.06"]
[Round "7"]
[White "Jacimovic, Sara"]
[Black "Ljikar, Tamara"]
[Result "1-0"]
[WhiteElo "2017"]
[BlackElo "1887"]
[PlyCount "61"]
[EventDate "2014.03.02"]
[EventType "tourn"]
[EventRounds "9"]
[EventCountry "CRO"]
[SourceTitle "CBM 159 Extra"]
[Source "ChessBase"]
[SourceDate "2014.04.24"]
[SourceVersion "1"]
[SourceVersionDate "2014.04.24"]
[SourceQuality "1"]

1. e4 c5 2. Nf3 e6 3. d3 Nc6 4. g3 Nf6 5. Bg2 d5 6. Nbd2 Be7 7. 0-0 0-0 8. Re1 Qc7 9. c3 b5 10. Qc2 a5 11. Nf1 Ba6 12. Bf4 Qb6 13. Rad1 Rac8 14. Bh3 h6 15. Qc1 Rfd8 16. exd5 Nxd5 17. Bxh6 b4 18. c4 Nc7 19. Bg5 Bb7 20. Bg2 f6 21. Be3 Rd7 22. Bf4 e5 23. Bh3 exf4 24. Bxd7 Rd8 25. Bf5 fxg3 26. Nxg3 Bd6 27. Ne4 Ne5 28. Nxe5 Bxe5 29. Qe3 Ne6 30. Qh3 Bxe4 31. Bxe6+ 1-0

[Event "Mediterranean Flower (Women) 14th"]
[Site "Rijeka"]
[Date "2014.03.05"]
[Round "5"]
[White "Ljikar, Tamara"]
[Black "Novak, Ksenija"]
[Result "0-1"]
[WhiteElo "1887"]
[BlackElo "2082"]
[PlyCount "66"]
[EventDate "2014.03.02"]
[EventType "tourn"]
[EventRounds "9"]
[EventCountry "CRO"]
[SourceTitle "CBM 159 Extra"]
[Source "ChessBase"]
[SourceDate "2014.04.24"]
[SourceVersion "1"]
[SourceVersionDate "2014.04.24"]
[SourceQuality "1"]

1. e4 c5 2. Nc3 Nc6 3. g3 g6 4. Bg2 Bg7 5. d3 d6 6. Be3 Rb8 7. Qd2 b5 8. f4 b4 9. Nd1 e6 10. Nf3 Nd4 11. 0-0 Ne7 12. g4 f5 13. exf5 gxf5 14. g5 Bb7 15. Qf2 Nxf3+ 16. Bxf3 Bxf3 17. Qxf3 Nd5 18. Qh5+ Kd7 19. Bd2 Qe8 20. Qf3 h6 21. a3 Bd4+ 22. Kg2 hxg5 23. fxg5 Qg6 24. axb4 cxb4 25. c3 bxc3 26. bxc3 Bb6 27. Qg3 Qh5 28. d4 Rbg8 29. Nb2 f4 30. Rxf4 Nxf4+ 31. Bxf4 Qe2+ 32. Qf2 Rxg5+ 33. Bg3 Rxg3+ 0-1

[Event "Mediterranean Flower (Women) 14th"]
[Site "Rijeka"]
[Date "2014.03.03"]
[Round "2"]
[White "Tonel, Giulia"]
[Black "Ljikar, Tamara"]
[Result "1-0"]
[WhiteElo "2036"]
[BlackElo "1887"]
[PlyCount "65"]
[EventDate "2014.03.02"]
[EventType "tourn"]
[EventRounds "9"]
[EventCountry "CRO"]
[SourceTitle "CBM 159 Extra"]
[Source "ChessBase"]
[SourceDate "2014.04.24"]
[SourceVersion "1"]
[SourceVersionDate "2014.04.24"]
[SourceQuality "1"]

1. d4 d5 2. c4 c6 3. Nc3 Nf6 4. e3 e6 5. Nf3 Nbd7 6. Qc2 Bd6 7. g4 h6 8. Bd2 dxc4 9. Bxc4 b5 10. Bd3 Bb7 11. g5 hxg5 12. Nxg5 Nd5 13. Nce4 Be7 14. 0-0-0 Qb6 15. Rhg1 Rf8 16. Nh7 Rg8 17. Neg5 Bxg5 18. Nxg5 c5 19. Bg6 cxd4 20. Bxf7+ Ke7 21. Bxg8 Rc8 22. Qxc8 Bxc8 23. Bxe6 dxe3 24. fxe3 N7f6 25. Bxc8 Qc6+ 26. Kb1 Qxc8 27. e4 Nb6 28. Bb4+ Ke8 29. Rd4 Qc6 30. Rgd1 Nfd7 31. Rd6 Qc4 32. Re6+ Kd8 33. Nf7+ 1-0

[Event "Valpovo op (Women)"]
[Site "Valpovo"]
[Date "2013.12.08"]
[Round "6"]
[White "Ivekovic, Zvjezdana"]
[Black "Ljikar, Tamara"]
[Result "1/2-1/2"]
[WhiteElo "1649"]
[BlackElo "1885"]
[PlyCount "99"]
[EventDate "2013.12.06"]
[EventType "swiss"]
[EventRounds "7"]
[EventCountry "CRO"]
[SourceTitle "CBM 157 Extra"]
[Source "ChessBase"]
[SourceDate "2013.12.19"]
[SourceVersion "1"]
[SourceVersionDate "2013.12.19"]
[SourceQuality "1"]

1. d4 d5 2. c4 c6 3. Nf3 Nf6 4. e3 e6 5. Nc3 Bd6 6. Qc2 Nbd7 7. Bd3 0-0 8. 0-0 dxc4 9. Bxc4 b5 10. Bd3 Bb7 11. Qe2 a6 12. Bd2 Rc8 13. Rac1 Re8 14. Ne4 Nxe4 15. Bxe4 Nf6 16. Bb1 c5 17. dxc5 Bxc5 18. Rfd1 Qe7 19. Bc3 Nd5 20. Bd4 Bd6 21. Be5 Bxe5 22. Nxe5 f6 23. Nf3 Nb6 24. h3 e5 25. Nd2 Bd5 26. a3 g6 27. b4 Be6 28. Ne4 Rxc1 29. Rxc1 Bc4 30. Qf3 f5 31. Nc5 e4 32. Qd1 Rd8 33. Qc2 a5 34. Ba2 axb4 35. axb4 Rd6 36. Bb3 Qd8 37. Qa2 Qe7 38. Bxc4+ Nxc4 39. Qa8+ Rd8 40. Qc6 Qe8 41. Qe6+ Qxe6 42. Nxe6 Rc8 43. Nd4 Rb8 44. Ra1 Rb7 45. Ra8+ Kf7 46. Rh8 Kf6 47. Rc8 Nd6 48. Rc6 Ke7 49. Rc5 Kd7 50. Kf1 1/2-1/2

[Event "Valpovo op (Women)"]
[Site "Valpovo"]
[Date "2013.12.07"]
[Round "5"]
[White "Ljikar, Tamara"]
[Black "Turk, Tajana"]
[Result "0-1"]
[WhiteElo "1885"]
[BlackElo "1978"]
[PlyCount "96"]
[EventDate "2013.12.06"]
[EventType "swiss"]
[EventRounds "7"]
[EventCountry "CRO"]
[SourceTitle "CBM 157 Extra"]
[Source "ChessBase"]
[SourceDate "2013.12.19"]
[SourceVersion "1"]
[SourceVersionDate "2013.12.19"]
[SourceQuality "1"]

1. e4 c5 2. Nc3 e6 3. g3 d5 4. d3 Nc6 5. Bg2 Nf6 6. exd5 Nxd5 7. Nge2 Nxc3 8. Nxc3 Be7 9. 0-0 0-0 10. Ne4 Qb6 11. Rb1 Rd8 12. Be3 Qa5 13. Qc1 Nd4 14. Re1 Bd7 15. b4 Qa4 16. c3 Nc2 17. Re2 Nxe3 18. Qxe3 cxb4 19. cxb4 Bxb4 20. Reb2 a5 21. Qg5 h6 22. Qf4 Bc6 23. Qg4 Kh8 24. Qh5 Kg8 25. Nc5 Bxc5 26. Qxc5 Rxd3 27. Bxc6 bxc6 28. Rb8+ Rd8 29. R8b6 Rd1+ 30. Rxd1 Qxd1+ 31. Kg2 Qd5+ 32. Qxd5 cxd5 33. Kf3 Kf8 34. Rb7 Rc8 35. Rb5 Rc3+ 36. Kf4 Ra3 37. Rb2 Ke7 38. Ke5 f6+ 39. Kd4 Ra4+ 40. Kc5 Rc4+ 41. Kb5 Rb4+ 42. Rxb4 axb4 43. Kxb4 Kd6 44. a4 Kc6 45. h3 e5 46. a5 f5 47. f3 e4 48. f4 e3 0-1

[Event "CRO-ch U17 Girls"]
[Site "Vukovar"]
[Date "2013.07.26"]
[Round "7"]
[White "Ljikar, Tamara"]
[Black "Brigljevic, Iva Mila"]
[Result "1/2-1/2"]
[WhiteElo "1876"]
[BlackElo "1563"]
[PlyCount "129"]
[EventDate "2013.07.22"]
[EventType "swiss"]
[EventRounds "9"]
[EventCountry "CRO"]
[SourceTitle "EXT 2015"]
[Source "ChessBase"]
[SourceDate "2014.11.20"]
[SourceVersion "1"]
[SourceVersionDate "2014.11.20"]
[SourceQuality "1"]

1. e4 e6 2. d4 d5 3. Nc3 Nf6 4. e5 Nfd7 5. f4 c5 6. Nf3 Nc6 7. Be3 Qb6 8. Na4 Qa5+ 9. c3 cxd4 10. b4 Nxb4 11. cxb4 Bxb4+ 12. Bd2 Bxd2+ 13. Nxd2 b6 14. Kf2 0-0 15. Bd3 Nc5 16. Nxc5 bxc5 17. Nb3 Qb6 18. Rb1 c4 19. Nd2 Qa5 20. Nxc4 dxc4 21. Be4 Qxa2+ 22. Kg3 Qa3+ 23. Qf3 Qxf3+ 24. Kxf3 Ba6 25. Bxa8 Rxa8 26. Rb4 d3 27. Rhb1 g6 28. Ra4 c3 29. Ke3 d2 30. Rxa6 c2 31. Raa1 cxb1Q 32. Rxb1 Rd8 33. Ke2 Kf8 34. Kd1 Ke8 35. g3 Rd7 36. Rb8+ Rd8 37. Rb7 Rd7 38. Rb8+ Ke7 39. Rh8 h5 40. Ra8 Rb7 41. Kxd2 Rb2+ 42. Ke3 Rxh2 43. Rxa7+ Kf8 44. Kf3 Rb2 45. Ra8+ Kg7 46. Ra7 Rb3+ 47. Kf2 Rc3 48. Rb7 Rc2+ 49. Kf3 Rc3+ 50. Kf2 Rd3 51. Rc7 Kf8 52. Rb7 Ke8 53. Kg2 Rd7 54. Rb8+ Rd8 55. Rb7 Rd7 56. Rb8+ Ke7 57. Kh3 Rd2 58. Rb7+ Kf8 59. Rb8+ Kg7 60. Rb7 Re2 61. Rb5 Rd2 62. Rb7 Rd5 63. Kh4 Rd1 64. Kh3 Rd2 65. Ra7 1/2-1/2

[Event "CRO-ch U17 Girls"]
[Site "Vukovar"]
[Date "2013.07.25"]
[Round "6"]
[White "Cvitan, Ena"]
[Black "Ljikar, Tamara"]
[Result "0-1"]
[WhiteElo "1645"]
[BlackElo "1876"]
[PlyCount "110"]
[EventDate "2013.07.22"]
[EventType "swiss"]
[EventRounds "9"]
[EventCountry "CRO"]
[SourceTitle "EXT 2015"]
[Source "ChessBase"]
[SourceDate "2014.11.20"]
[SourceVersion "1"]
[SourceVersionDate "2014.11.20"]
[SourceQuality "1"]

1. d4 d5 2. c4 c6 3. cxd5 cxd5 4. Nc3 Nf6 5. Nf3 Nc6 6. Bf4 a6 7. e3 Bf5 8. Bd3 e6 9. Ne5 Bg6 10. Bxg6 hxg6 11. Qa4 Qb6 12. 0-0 Be7 13. h3 0-0 14. Rfc1 Rac8 15. Qd1 Nxe5 16. Bxe5 Nd7 17. Bg3 Rc4 18. Na4 Qa7 19. Rxc4 dxc4 20. Rc1 b5 21. Nc3 Rd8 22. Qe2 Nb6 23. Ne4 Qb7 24. Qf3 Qc8 25. Nd2 Nd5 26. Qe2 Qd7 27. a3 Rc8 28. Ne4 f5 29. Nc3 Kf7 30. Nxd5 exd5 31. Qd2 Qd8 32. Be5 a5 33. Qe1 Ra8 34. Qd1 Ra6 35. Qe1 b4 36. a4 Qd7 37. Qd1 b3 38. Ra1 Rb6 39. Qf3 Rb4 40. g3 Ke6 41. Bxg7 Rxa4 42. Rxa4 Qxa4 43. Qf4 Qc6 44. g4 c3 45. gxf5+ gxf5 46. Qe5+ Kd7 47. Qxf5+ Kd8 48. bxc3 a4 49. Bf8 b2 50. Bxe7+ Kxe7 51. Qe5+ Kf7 52. Qf5+ Kg7 53. Qe5+ Qf6 54. Qc7+ Kh6 55. Qb8 Qg6+ 0-1